000 00292nam a22001217a 4500
999 _c11986
_d11986
020 _a9780195978827
082 _a954.0245
100 _aMatta, Basheer Ahmed Khan
245 _aSher Shah Suri
_bA fresh perspective
260 _aKarachi
_bOxford
_c2005
300 _ax, 254 pages
942 _cBK